| 000 | 00936cab a2200265 4500 | ||
|---|---|---|---|
| 001 | ABS51949 | ||
| 008 | 090401t1994 xxu||||| |||| 00| 0 eng d | ||
| 035 | _a(Sirsi) u52362 | ||
| 041 | _aeng | ||
| 100 | _aLee-Wright, M. | ||
| 245 | _aContaminated sites are off the margin | ||
| 260 | _c1994 | ||
| 350 | _a0 | ||
| 490 |
_aPlanning (for the Natural and Built Environment) _v(1098) 9 December 1994, 24-25(2) |
||
| 520 | _aArgues for the integration of government advice on land contamination with pre-planning appraisals of land, enabling users to address key environmental issues at an early stage in the development process. | ||
| 650 | _aCONTAMINATED LAND | ||
| 650 | _aENVIRONMENTAL PROTECTION ACT 1990 | ||
| 650 | _aGREENFIELD SITES | ||
| 650 | _aPLANNING POLICY GUIDANCE NOTE 13 | ||
| 650 | _aPLANNING POLICY GUIDANCE NOTE SIX | ||
| 650 | _aRECYCLED LAND | ||
| 690 | _aLAND | ||
| 942 | _n0 | ||
| 948 | _c04/03/1997 | ||
| 999 |
_c32461 _d32461 |
||